000 00658cam a22002413a 4500
001 32663
003 PGUSA
005 20140828083716.0
008 100602s2010||||xxu|||||s|||||000 1 eng d
040 _aPGUSA
_beng
042 _adc
050 4 _aPS
100 1 _aPhillips, Rog,
_d1909-1965
245 1 0 _aYe of Little Faith
_h[electronic resource] /
_cRog Phillips
260 _bProject Gutenberg,
_c2010
506 _aPublic domain in the USA.
516 _aElectronic text
653 _aScience fiction
700 1 _aBeecham, Tom,
_d1926-2000
830 0 _aProject Gutenberg
_v32663
856 4 0 _uhttp://www.gutenberg.org/ebooks/32663
942 _cEB
999 _c261918
_d261918